Aguas arriba : (Registro nro. 30558)

Detalles MARC
000 -CABECERA
campo de control de longitud fija 01573nam a22002537a 4500
008 - CÓDIGOS DE INFORMACIÓN DE LONGITUD FIJA
fixed length control field 240212t20012005ck gr 000 0 spa d
020 ## - NÚMERO INTERNACIONAL NORMALIZADO PARA LIBROS
ISBN 9789587043358
037 ## - SOURCE OF ACQUISITION
Materials specified Donación
040 ## - Fuente de catalogación
Agencia original de catalogación CO-JMCR
Agencia de transcripción CO-JMCR
Agencia de modificación CO-JMCR
Convenciones de descripción rda
041 ## - CÓDIGO DE LENGUA
Código idioma spa
082 ## - NÚMERO DE LA CLASIFICACIÓN DECIMAL DEWEY
Edition number 23
Número de clasificación Decimal 301.158
Número de documento (Cutter) M71a
100 ## - PUNTO DE ACCESO PRINCIPAL-NOMBRE DE PERSONA
Nombre personal Molano, Alfredo,
Término de función/relación autor
9 (RLIN) 42083
245 ## - TÍTULO PROPIAMENTE DICHO
Título Aguas arriba :
Parte restante del título entre la coca y el oro /
Mención de responsabilidad, etc. Alfredo Molano
264 ## - PRODUCCION, PUBLICACION, DISTRIBUCION, COPYRIGHT
Lugar de producción, publicación, distribución, etc Bogotá :
Nombre del editor, productor, distribuidor, etc El Ancora Editores ,
Fecha de producción, publicación, distribución, copyright ©2005
300 ## - DESCRIPCIÓN FÍSICA
Extensión 227 páginas ;
Dimensiones 17 cm.
500 ## - NOTA GENERAL
Nota general Incluye glosario -- mapa de Vichada y Guainía
505 ## - NOTA DE CONTENIDO FORMATADO
Nota de contenido formateada 1. Chispas, el cabo -- 2. Mauricio -- 3. La Gata -- 4. El Joyero
520 ## - RESUMEN, ETC.
Resumen,etc. "No muy lejanas a las aventuras y desventuras de los viajeros españoles del siglo XVI los territorios agrestes y la sed de oro no han variado un ápice, estas crónicas escritas por Molano a partir del testimonio de los propios protagonistas y de su experiencia en tierras de colonos, resultan tan apasionantes como desgarradoras. Con una pluma ágil y brillante, Molano nos adentra en tierras recónditas, en un mundo en buena parte sin Estado, sin sistemas judiciales definidos, donde las normas de convivencia se imponen ya sea espontáneamente o por la fuerza. Un mundo duro, donde sobrevivir no es una tarea sencilla".
650 ## - TÉRMINO DE MATERIA
subdivision Geografica Guainía (Colombia)
9 (RLIN) 43357
650 ## - TÉRMINO DE MATERIA
subdivision Geografica Guainía (Colombia)
9 (RLIN) 43358
650 ## - TÉRMINO DE MATERIA
subdivision Geografica Guainía (Colombia)
9 (RLIN) 43359
700 ## - AUTOR SECUNDARIO - PERSONA
Nombre de persona Melo, Jorge Orlando,
9 (RLIN) 11481
Existencias
Withdrawn status Lost status Damaged status Not for loan Home library Current library Shelving location Date acquired Source of acquisition Total Checkouts Full call number Barcode Date last seen Date last checked out Copy number Price effective from Koha item type
        Biblioteca Pública José María del Castillo y Rada Biblioteca Pública José María del Castillo y Rada General Stacks 02/23/2022 Donación 1 301.158 M71a 201811482 07/22/2024 07/22/2024 Ej.1 02/12/2024 Books